Datum a čas kvízu
23
Celkem bodů
Celkový počet nahraných bodů na tomto kvízu bez doplňovacích otázek.
11.
Pořadí na kvízu
Konečné umístění týmu na tomto kvízu.
Zaznamenané odpovědi
| # | Otázka | Odpověď | Body | Výsledky |
|---|---|---|---|---|
| 1. | Jak se jmenuje herec na fotce,... | Radek Valenta | 0 | |
| 2. | Kterého z těchto prezidentů os... | D | 1 | |
| 3. | Ve které pohádce na sebe poprv... | Lotrando a Zubejda | 1 | |
| 4. | Které bílé auto řídí ve filmu... | C | 1 | |
| 5. | Seřaďte filmy od nejdříve nato... | 1D 2A 3C 4B | 0 | |
| 6. | Tato dáma sice nebyla ani here... | Monika Lewinská | 0 | |
| 7. | Jak zní jméno amerického herce... | George Clooney | 0 | |
| 8. | Nyní stručně, kdo je na fotogr... | Claudia Schiffer | 0 | |
| 9. | Petr Korda je úspěšný bývalý t... | golf, tenis | 1 | |
| 10. | V roce 1971 se narodila herečk... | Shannen Doherty | 1 |